| 000 | 00576nam a2200229Ia 4500 | ||
|---|---|---|---|
| 003 | OSt | ||
| 005 | 20221005131732.0 | ||
| 006 | a|||||r|||| 00| 0 | ||
| 007 | ta | ||
| 008 | 221004b |||||||| |||| 00| 0 eng d | ||
| 024 | _a54352 | ||
| 037 | _cTextual | ||
| 040 |
_aCRL _cCRL _beng |
||
| 041 |
_2eng _aeng |
||
| 082 | _aO111,3N14,12, 32J7 | ||
| 100 |
_aFast Howard Au. _9639994 |
||
| 245 | 0 | _aSturfucus | |
| 260 | _c1957 | ||
| 650 | _aENGLISH FICTION | ||
| 942 |
_hO111,3N14,12, 32J7 _cTEXL _2cc |
||
| 999 |
_c1061226 _d1061226 |
||